| 000 | 01581nam a22002417a 4500 | ||
|---|---|---|---|
| 999 |
_c59480 _d59480 |
||
| 003 | Ge_BSU | ||
| 005 | 20230228101040.0 | ||
| 008 | 230228s2004 ge ||||| |||| 00| 0 geo d | ||
| 020 | _a9994077708 | ||
| 041 | _ageo | ||
| 080 | _a34(038): 81'374.26:34=111=353.1 ქ-62 | ||
| 100 |
_aქოლინი, პიტერ _917062 |
||
| 245 |
_aინგლისურ-ქართული იურიდიული განმარტებითი ლექსიკონი = Dictionary of law / _cპიტერ ქოლინი ; ლადო ჭანტურიას, მარინა კვაჭაძისა და ვლადიმერ პაპავას საერთო რედ. |
||
| 250 | _aმე-2 ქართ. ჩასწ., შევს. და დამატ. გამოც. | ||
| 264 |
_aთბილისი : _bრევაზ ბერულავას გამ-ბა "იბერთედ-პრესი", _c2004. |
||
| 300 |
_a664 გვ. ; _b20 სმ. |
||
| 490 | _aპროფესიული ლექსიკონების სერია 2004-013 | ||
| 653 | _aინგლისურ-ქართული იურიდიული განმარტებითი ლექსიკონი | ||
| 700 |
_aჭანტურია, ლადო _eრედაქტორი _917063 |
||
| 700 |
_aკვაჭაძე, მარინა _eრედაქტორი _99368 |
||
| 700 |
_aპაპავა, ვლადიმერ _eრედაქტორი _917064 |
||
| 942 |
_2udc _cBK |
||